| 000 | 01106cam a2200253 i 4500 | ||
|---|---|---|---|
| 003 | SA-RiAUC | ||
| 005 | 20260107114103.0 | ||
| 008 | 260101s1969 ua g b 000 0dara c | ||
| 040 |
_aSA-JeALM _bara _cSA-RiAUC _erda |
||
| 082 | 0 | 4 |
_a239.3 _qSA-RiAUC |
| 090 |
_a239.3 _bغ ي ط |
||
| 100 | 1 |
_aالغيطي، محمد بن أحمد بن علي، _d981-910 هجري _eمؤلف. |
|
| 245 | 1 | 0 |
_aقصة الإسراء والمعراج / _cتأليف نجم الدين الغيطي. حاشية أحمد الدردير على قصة المعراج |
| 246 | _aالدردير على قصة المعراج | ||
| 264 | 1 |
_aالقاهرة : _bدار إحياء الكتب العربية . عيسى البابي الحلبي وشركاه ، _c1960 |
|
| 300 |
_a28 صفحة ؛ _c28 سم . |
||
| 336 |
_aنص _btxt _2rdacontent _3كتاب |
||
| 337 |
_aبدون وسيط _bn _2rdamedia |
||
| 650 | 7 |
_aالإسراء والمعراج _2aucsh |
|
| 650 | 7 |
_aمعجزات النبي _2aucsh |
|
| 700 | 1 |
_aالدردير، سيدي أحمد _eشارح. |
|
| 942 |
_2ddc _cBOOK _n0 |
||
| 949 |
_aSA-JeALM _d260101 _uosman123 _n1 |
||
| 999 |
_c13942 _d13942 |
||